000 00620nam a2200229Ia 4500
003 OSt
005 20220928134910.0
006 a|||||r|||| 00| 0
007 ta
008 220927b |||||||| |||| 00| 0 eng d
024 _a61286
037 _cTextual
040 _aSDCL
_cSDCL
_beng
041 _2eng
_aeng
082 _aV2:72'D, M8.1
100 _aGupt PramesvariLa
_9488990
245 0 _aPrachin bharat ke pramookh abhilekh
260 _aVaranasi
_bVisvhvidhalaya Prakashan
_c1988
490 _vV1:230p
942 _hV2:72'D, M8.1
_cTEXL
_2CC
999 _c804147
_d804147